Nae mukal-e-maat (Record no. 30338)
[ view plain ]
| 000 -LEADER | |
|---|---|
| fixed length control field | 00389nam a2200157Ia 4500 |
| 005 - DATE AND TIME OF LATEST TRANSACTION | |
| control field | 20260427110502.0 |
| 008 - FIXED-LENGTH DATA ELEMENTS--GENERAL INFORMATION | |
| fixed length control field | 231207s9999 xx 000 0 und d |
| 040 ## - CATALOGING SOURCE | |
| Transcribing agency | PK-LaNCA |
| 082 ## - DEWEY DECIMAL CLASSIFICATION NUMBER | |
| Classification number | 080 |
| Item number | WAZ |
| 100 ## - MAIN ENTRY--PERSONAL NAME | |
| Author Name | Wazir Agha |
| 245 #0 - TITLE STATEMENT | |
| Title | Nae mukal-e-maat |
| Remainder of title | نئے مکالمات |
| 260 ## - PUBLICATION, DISTRIBUTION, ETC. | |
| Name of publisher, distributor, etc. | Jumhoori Publications |
| Place of publication, distribution, etc. | Lahore |
| Date of publication, distribution, etc. | 2010 |
| 300 ## - PHYSICAL DESCRIPTION | |
| Pages | 200p |
| 650 ## - SUBJECT ADDED ENTRY--TOPICAL TERM | |
| Subject | Interviews |
| 942 ## - ADDED ENTRY ELEMENTS (KOHA) | |
| Koha item type | Book |
| 999 ## - | |
| -- | 30338 |
| -- | 30338 |
| Withdrawn status | Weedout from Library | Permanent Location | Current Location | Shelving location | Date acquired | Full call number | Barcode | Price effective from | Koha item type |
|---|---|---|---|---|---|---|---|---|---|
| NATIONAL COLLEGE OF ARTS, LAHORE - LIBRARY | NATIONAL COLLEGE OF ARTS, LAHORE - LIBRARY | General Section Library Basement | 08/12/2023 | 080 WAZ 34878 | 34878 | 08/12/2023 | Book |